00817nam a2200229 i 450000500170000000800410001702000180005804000350007610000440011124500950015525000230025026400340027330000420030733600270034933700330037633800280040965000370043765000340047465000340050870000330054208400120057520220317000018.0141031s2012 ck gr 000 0 spa d a9789583002984 aCO-BoRNBPbspacCO-BoRNBPerda10aGarcía Giraldo, Alfredod1954-eautor10aÉrase una vez entre los chibchas cAlfredo García Giraldo ; ilustrado por Jaime Romero a1a ed., 8a reimpr. 1aBogotá bPanamericanac2012 a113 páginas bilustraciones c21 cm atextobtxt2rdacontent asin mediaciónbn2rdamedia avolumenbnc2rdacarrier17aLiteratura folclórica 2ARMARC14aMitología colombiana 2LEMB17aLeyendas colombianas 2ARMARC10aRomero G., Jaimeeilustrador aLM GAR8